00730nam a22002177a 4500003000500000005001700005008004100022010000900063011000900072035000900081040000900090100003400099245014800133260007400281300001000355500001200365650003600377650003000413700003500443700003400478CHAP20220329133241.0971013s1985 r 00010 d a3923 a4895 a4099 cCHAP00aPina García, Juan Pablo de. aConsideraciones y dictamen de la Comisión de Investigación sobre el Programa de Fauna Silvestre en el Centro Regional Universitario Oriente aChapingo, Méx. :bUACH. Subdirección de Centros Regionales,c1985 a68 h. aD51-25014aVida silvestrexConservación.14aVida silvestrexVeracruz.0 aInzunza Mascareño, Fausto R.0 aMendoza Castillo, Hipólito.